000 00449nam a22001577a 4500
003 OSt
005 20221007203337.0
008 221007b |||||||| |||| 00| 0 eng d
040 _cBiblioteca Lado V
082 _a731.2
_bC957a
100 _aCruz-Diez, Carlos
_ediseƱo
245 _aAlfredo Boulton, Narvaez/
260 _aMilan
_bS.p.A. Antonio Cordani
_c1981
300 _a115p.
_c23x28cm
942 _2ddc
_c1
_h731.2
_iC957a
_n0
999 _c2251
_d2251